Zachraňte milenky

Main Author: Smolík, Jakub, 1959-
Language: Czech
Published: Praha : B&M Music, p1998
Physical Description: 1 CD ; 12 cm + 1 brožura [12 s.].
Audio
Saved in:
LEADER 01304njm a2200409 a 4500
001 000381457
003 CZ BrMZK
005 20040322111348.0
008 010907s1998 xr f cze d
028 0 3 |a 0129-2  |b B&M Music 
040 |a BOA001  |b cze 
080 |a 784.4"199"(086.7)  |2 MRF 
100 1 |a Smolík, Jakub,  |d 1959-  |7 mzk2003187009  |4 prf 
245 1 0 |a Zachraňte milenky  |h [zvukový záznam] /  |c Jakub Smolík. 
246 3 3 |a Nechat si zdát 
246 3 3 |a Noční hráč 
246 3 3 |a Odpouštěj 
246 3 3 |a Posel dobrejch zpráv 
246 3 3 |a Sám v dešti 
246 3 3 |a Vzpomínka 
246 3 3 |a Z dlaně mi hádej 
246 3 3 |a Zachraňte milenky 
246 3 3 |a Zahrada ticha 
246 3 3 |a Budíky 
246 3 3 |a Hvězdička 
246 3 3 |a Maminka 
260 |a Praha :  |b B&M Music,  |c p1998 
300 |a 1 CD ;  |c 12 cm +  |e 1 brožura [12 s.]. 
500 |a Texty písní v brožuře 
500 |a Nahr. 1998 
500 |a Durata neuv 
505 2 |a Odpouštěj, Posel dobrejch zpráv, Z dlaně mi hádej...[et al.] 
653 0 |a populární hudba  |a populární písně 
910 |a BOA001  |b CD-0006.631 
964 |a Hudba populární  |z stol.20.,léta 90.  |x CD 
990 |a AV 
996 6 |b 261H007030  |c CD-0006.631  |l MZK  |r Sklad / do 24 hodin  |n 0  |p p.v.  |w 000381457  |u 000010  |a 1  |e BOA001  |j MZK50  |s P